000 00711nam a2200241 a 4500
005 20240806064038.0
008 160406s1987 mx r 000 0 spa d
020 _a8472232123
035 _aUPN01000209233
049 _aCG
050 4 _aPS3570 H4
_bC6.7 1987
100 1 _aTheroux, Paul,
_d1941-
_938434
245 1 3 _aLa costa de los mosquitos /
_cPaul Theroux ; tr. Manuel Sáenz de Heredia.
250 _a4a ed.
260 _aBarcelona, Esp. :
_bTusquets,
_c1987.
300 _a382 p.
440 0 _aAndanzas ;
_v12
534 _pTítulo original:
_tThe mosquito coast
650 4 _aLiteratura estadounidense
_95229
650 4 _aNovela estadounidense
_94462
905 _aLibro
999 _c181334
_d181334